| 000 | 01009cam a2200301 a 4500 | ||
|---|---|---|---|
| 999 |
_c330766 _d330766 |
||
| 001 | 13940681 | ||
| 003 | NUST | ||
| 005 | 20180116121856.0 | ||
| 008 | 030409s2002 pk 000 0 eng | ||
| 010 | _a 2003340136 | ||
| 020 | _a9693510674 | ||
| 025 | _aP-E-2003340136; 12 | ||
| 035 | _a(DLC) 2003340136 | ||
| 040 |
_aDLC _cDLC _dDLC |
||
| 042 | _alcode | ||
| 043 | _aa-pk--- | ||
| 050 | 0 | 0 |
_aDS392.D46 _bG39 2002 |
| 082 | 0 | 0 |
_a954.9124 _bGAZ |
| 245 | 0 | 0 | _aGazetteer of the Dera Ismail Khan district, 1883-84. |
| 246 | 3 | 0 | _aDera Ismail Khan district |
| 260 |
_aLahore : _bSang-e-Meel Publications, _c2002. |
||
| 300 |
_axii, 213 p. ; _c25 cm. |
||
| 500 | _aOriginally published: Lahore : Arya Pess, 1884. | ||
| 651 | 0 |
_aDera Ismāīl Khān District (Pakistan) _93739 |
|
| 906 |
_a7 _bcbc _corigode _d3 _encip _f20 _gy-gencatlg |
||
| 942 |
_2ddc _cBK |
||